Anatomía topográfica y aplicada de los animales domésticos
Guardat en:
| Autor principal: | |
|---|---|
| Format: | Llibre |
| Idioma: | espanyol |
| Publicat: |
Madrid, España
AC
1978
|
| Matèries: | |
| Etiquetes: |
Afegir etiqueta
Sense etiquetes, Sigues el primer a etiquetar aquest registre!
|
MARC
| LEADER | 00000nam a2200000 a 4500 | ||
|---|---|---|---|
| 001 | UCQ4014 | ||
| 003 | CL-VaPUC | ||
| 005 | 20240704094843.0 | ||
| 008 | 980829e19780000SP |||||||||||||||||spa|d | ||
| 999 | |c 274517 |d 274515 | ||
| 040 | |c Pontificia Universidad Católica de Valparaíso | ||
| 082 | 0 | 4 | |a 591.1 BER 1978 |2 21 |
| 100 | 0 | |a Berg, Rolf |9 418241 | |
| 245 | 1 | 0 | |a Anatomía topográfica y aplicada de los animales domésticos |
| 260 | 0 | 3 | |a Madrid, España |b AC |c 1978 |
| 300 | |a 415 páginas | ||
| 583 | |a last modification |c 19980829 00:00:00 |k Rodrigo Vera | ||
| 650 | 0 | |a Zoología |9 261613 | |
| 650 | 0 | |a Animales |9 269820 | |
| 650 | 0 | |a Biología |9 262022 | |
| 650 | 0 | |a Anatomía animal |9 338540 | |
| 650 | 0 | |a Cabeza |9 344504 | |
| 650 | 0 | |a Cuello |9 344505 | |
| 650 | 7 | |a TORAX |2 CL-VaPUC |9 344506 | |
| 650 | 0 | |a Abdomen |9 344507 | |
| 942 | |c BK |2 ddc | ||
| 945 | |d 19980829 00:00:00 |a aarredon | ||
| 952 | |0 0 |1 0 |2 ddc |4 0 |6 591_100000000000000_BER_1978 |7 0 |8 A |9 310703 |a BIBAGR |b BIBAGR |d 2019-11-20 |i 3454614 |l 1 |o 591.1 BER 1978 |p 3454614 |r 2025-04-04 |s 2025-04-04 |t 1 |w 2019-11-20 |y BK |k AGR | ||